000 00214nam a22000977a 4500
008 160511b xxu||||| |||| 00| 0 eng d
041 _aeng
080 _a61
245 _aREVISTA ARCHIVES OF SURGERY:
942 _2udc
_cBK
999 _c2021
_d2021